Das Gefängnissystem in Japan

Saved in:  
Bibliographic Details
Main Author: Nomura, Yukio (Author)
Format: Print Article
Language:German
Published: 1988
In: Zeitschrift für Strafvollzug und Straffälligenhilfe
Year: 1988, Volume: 37, Issue: 1, Pages: 14-22
Availability in Albert-Krebs Library:Z.01
24.1975 - 55.2006
Check availability: HBZ Gateway
Keywords:

MARC

LEADER 00000caa a2200000 c 4500
001 1639990720
003 DE-627
005 20221011151101.0
007 tu
008 140808s1988 xx ||||| 00| ||ger c
035 |a (DE-627)1639990720 
035 |a (DE-576)410579351 
035 |a (DE-599)BSZ410579351 
040 |a DE-627  |b ger  |c DE-627  |e rakwb 
041 |a ger 
084 |a 2,1  |2 ssgn 
100 1 |a Nomura, Yukio  |4 aut 
245 1 4 |a Das Gefängnissystem in Japan  |c Yukio Nomura 
264 1 |c 1988 
336 |a Text  |b txt  |2 rdacontent 
337 |a ohne Hilfsmittel zu benutzen  |b n  |2 rdamedia 
338 |a Band  |b nc  |2 rdacarrier 
650 4 |a Strafvollzug  |7 (dpeaa)DE-2619 
650 4 |a Jugendstrafvollzug  |7 (dpeaa)DE-2619 
650 4 |a Strafgefangener  |x Klassifizierung  |7 (dpeaa)DE-2619 
650 4 |a Gefängnissystem  |7 (dpeaa)DE-2619 
650 4 |a Japan  |7 (dpeaa)DE-2619 
650 4 |a Strafvollzugsorganisation  |7 (dpeaa)DE-2619 
650 4 |a Erziehungsheim  |7 (dpeaa)DE-2619 
650 4 |a Klassifizierungsinstitution  |7 (dpeaa)DE-2619 
650 4 |a Erwachsenenstrafvollzug  |7 (dpeaa)DE-2619 
650 4 |a Stufenstrafvollzug  |7 (dpeaa)DE-2619 
651 7 |0 (DE-588)4028495-5  |0 (DE-627)104585102  |0 (DE-576)208977503  |a Japan  |2 gnd  |7 (dpeaa)DE-2619 
773 0 8 |i In  |t Zeitschrift für Strafvollzug und Straffälligenhilfe  |d Wiesbaden : Ges. für Fortbildung der Strafvollzugsbediensteten, 1975  |g 37(1988), 1, Seite 14-22  |w (DE-627)130166723  |w (DE-600)519517-2  |w (DE-576)015709817  |x 0342-3514  |7 nnas 
773 1 8 |g volume:37  |g year:1988  |g number:1  |g pages:14-22 
935 |a mkri 
951 |a AR 
AKB |a 24.1975 - 55.2006  |b Z.01 
ELC |b 1 
LOK |0 000 xxxxxcx a22 zn 4500 
LOK |0 001 3301202926 
LOK |0 003 DE-627 
LOK |0 004 1639990720 
LOK |0 005 20250620151902 
LOK |0 008 140808||||||||||||||||ger||||||| 
LOK |0 040   |a DE-21-110  |c DE-627  |d DE-21-110 
LOK |0 852   |a DE-21-110 
LOK |0 852 1  |m p  |9 00 
LOK |0 935   |a k110 
LOK |0 938   |k p 
LOK |0 939   |a 08-08-14  |b l01 
LOK |0 000 xxxxxcx a22 zn 4500 
LOK |0 001 4196284930 
LOK |0 003 DE-627 
LOK |0 004 1639990720 
LOK |0 005 20221011151101 
LOK |0 008 221011||||||||||||||||ger||||||| 
LOK |0 035   |a (DE-2619)p01441 
LOK |0 040   |a DE-2619  |c DE-627  |d DE-2619 
LOK |0 092   |o n 
LOK |0 852   |a DE-2619 
LOK |0 852 1  |m p  |9 00 
LOK |0 935   |a kreb 
LOK |0 938   |k p 
LOK |0 939   |a 11-10-22  |b l01 
ORI |a SA-MARC-krimdoka001.raw